书目信息 |
| 题名: |
核爆炸监测技术概论
|
|
| 作者: | 郑毅 , 李鹏 , 耿娜 , 梁睿 著 | |
| 分册: | ||
| 出版信息: | 北京 国防工业出版社 2019.06 |
|
| 页数: | XV, 303页 | |
| 开本: | 26cm | |
| 丛书名: | ||
| 单 册: | ||
| 中图分类: | TL91 | |
| 科图分类: | ||
| 主题词: | 核爆炸--he bao zha--监测 | |
| 电子资源: | ||
| ISBN: | 978-7-118-11773-8 | |
| 000 | 01151nam0 2200289 450 | |
| 001 | CAL 0120192816177 | |
| 005 | 20230217093111.0 | |
| 010 | @a978-7-118-11773-8@dCNY168.00 | |
| 100 | @a20190726d2019 em y0chiy0120 ea | |
| 101 | 0 | @achi |
| 102 | @aCN@b110000 | |
| 105 | @aak a 000yy | |
| 106 | @ar | |
| 200 | 1 | @a核爆炸监测技术概论@Ahe bao zha jian ce ji shu gai lun@f郑毅 ... [等] 著 |
| 210 | @a北京@c国防工业出版社@d2019.06 | |
| 215 | @aXV, 303页@c图@d26cm | |
| 304 | @a题名页题其余责任者: 李鹏, 耿娜, 梁睿 | |
| 320 | @a有书目 | |
| 330 | @a本书内容包括核爆炸原理与现象、核爆炸信号及探测、天基核爆炸电离辐射信号传播规律、核爆炸光辐射效应及传播规律、核爆炸电磁脉冲信号特征及传播规律、核爆炸冲击波、核爆炸烟云、核爆炸放射性沉降、光辐射探测技术、电磁脉冲探测技术、冲击波探测技术、次声波探测技术、核爆炸效应模拟技术、核爆炸识别技术、核爆炸定位技术、核爆炸探测的主要干扰源等。 | |
| 606 | 0 | @a核爆炸@Ahe bao zha@x监测 |
| 690 | @aTL91@v5 | |
| 701 | 0 | @a郑毅@Azheng yi@4著 |
| 701 | 0 | @a李鹏@Ali peng@4著 |
| 701 | 0 | @a耿娜@Ageng na@4著 |
| 701 | 0 | @a梁睿@Aliang rui@4著 |
| 801 | 0 | @aCN@bBJXHZP@c20230228 |
| 905 | @b1404294-7@dTL91@e41@f4 | |
| 核爆炸监测技术概论/郑毅 ... [等] 著.-北京:国防工业出版社,2019.06 |
| XV, 303页:图;26cm |
| ISBN 978-7-118-11773-8:CNY168.00 |
| 本书内容包括核爆炸原理与现象、核爆炸信号及探测、天基核爆炸电离辐射信号传播规律、核爆炸光辐射效应及传播规律、核爆炸电磁脉冲信号特征及传播规律、核爆炸冲击波、核爆炸烟云、核爆炸放射性沉降、光辐射探测技术、电磁脉冲探测技术、冲击波探测技术、次声波探测技术、核爆炸效应模拟技术、核爆炸识别技术、核爆炸定位技术、核爆炸探测的主要干扰源等。 |
| ● |
| 相关链接 |
|
|
|
|
正题名:核爆炸监测技术概论
索取号:TL91/41
 
预约/预借
| 序号 | 登录号 | 条形码 | 馆藏地/架位号 | 状态 | 备注 |
| 1 | 1404294 | 214042944 | 第二样本阅览室/ [索取号:TL91/41] | 在馆 | |
| 2 | 1404295 | 214042953 | 第三借阅区/ [索取号:TL91/41] | 在馆 | |
| 3 | 1404296 | 214042962 | 第三借阅区/ [索取号:TL91/41] | 在馆 | |
| 4 | 1404297 | 214042971 | 第三借阅区/ [索取号:TL91/41] | 在馆 |